000 00470nam a2200193Ia 4500
005 20250423101651.0
008 250422s9999 xx 000 0 und d
020 _a978-0-582-46236-6
050 _aQD 261 .V63/
100 _aVogel, Arthur Israel
245 0 _aVogel`s textbook of practical organic chemistry
250 _a5th ed.
260 _aHarlow
260 _bPearson Education
260 _c1989
300 _a1514 p
650 _aScience
942 _cBK
999 _c36924
_d36924